ՀՀ Գիտությունների ազգային ակադեմիայի հիմնարար գիտական գրադարան  =   Fundamental Scientific Library of NAS RA

Չորրորդ հարկի պատուհանից : (Record no. 102856)

MARC details
000 -LEADER
fixed length control field 00905nam a2200217 a 4500
001 - CONTROL NUMBER
control field 000281148
003 - CONTROL NUMBER IDENTIFIER
control field AM-YeHGA
005 - DATE AND TIME OF LATEST TRANSACTION
control field 20250618071842.0
008 - FIXED-LENGTH DATA ELEMENTS--GENERAL INFORMATION
fixed length control field 031107s1965 ai a 000 1 arm d
040 ## - CATALOGING SOURCE
Original cataloging agency AM-YeHGA
041 0# - LANGUAGE CODE
Language code of text/sound track or separate title arm
090 ## - LOCALLY ASSIGNED LC-TYPE CALL NUMBER (OCLC); LOCAL CALL NUMBER (RLIN)
-- 104175
100 1# - MAIN ENTRY--PERSONAL NAME
Personal name Հրաչյան, Խաչիկ Թադևոսի,
Dates associated with a name 1912-1989
9 (RLIN) 1925
245 10 - TITLE STATEMENT
Title Չորրորդ հարկի պատուհանից :
Remainder of title [Պատմվածքներ] /
Statement of responsibility, etc. Խ. Հրաչյան ; Խմբ.՝ Ա. Ղուկասյան ; Նկ.՝ Վ. Մանդակունի.
260 ## - PUBLICATION, DISTRIBUTION, ETC.
Place of publication, distribution, etc. Երևան :
Name of publisher, distributor, etc. Հայաստան,
Date of publication, distribution, etc. 1965.
300 ## - PHYSICAL DESCRIPTION
Extent 109 էջ :
Other physical details նկ. ;
Dimensions 17 սմ.
650 14 - SUBJECT ADDED ENTRY--TOPICAL TERM
Topical term or geographic name entry element Հայ գրականություն
General subdivision Պատմվածք
700 1# - ADDED ENTRY--PERSONAL NAME
Personal name Ղուկասյան, Ամալյա Արմենակի,
Dates associated with a name 1928-2016
Relator term խմբ.
Relationship edt
9 (RLIN) 2664
700 1# - ADDED ENTRY--PERSONAL NAME
Personal name Մանդակունի, Վաղինակ Քրիստափորի,
Dates associated with a name 1929-1990
Relator term նկ.
Relationship art
9 (RLIN) 3402
942 ## - ADDED ENTRY ELEMENTS (KOHA)
Source of classification or shelving scheme Universal Decimal Classification
Koha item type Գրքեր / Books
Holdings
Withdrawn status Lost status Damaged status Not for loan Collection Home library Current library Date acquired Total checkouts Full call number Barcode Date last seen Price effective from Koha item type Public note Cost, replacement price
        General Fundamental Scientific Library Fundamental Scientific Library 22/12/2016   AI/7867 FL0045003 22/12/2016 22/12/2016 Գրքեր / Books 30 Days Loan  
        General Fundamental Scientific Library Fundamental Scientific Library 22/12/2016   AI/7868 FL0044843 22/12/2016 22/12/2016 Գրքեր / Books 30 Days Loan 15.00
        General Fundamental Scientific Library Fundamental Scientific Library 22/12/2016   AI/7869 FL0044844 22/12/2016 22/12/2016 Գրքեր / Books 30 Days Loan 15.00


ՀՀ ԳԱԱ հիմնարար գիտական գրադարան
ՀՀ,Երևան 0019
Մարշալ Բաղրամյան 24/6
հեռախոս:(374-10) 52-47-50
Հետադարձ կապ

All site content, except where otherwise noted, is licensed under a
Creative Commons License